| LEADER |
01657nlm0a2200349 450 |
| 001 |
16867054 |
| 100 |
|
|
|a 20140505d2014 u u0frey01 ba
|
| 101 |
1 |
|
|a fre
|c fre
|
| 102 |
|
|
|a US
|
| 200 |
0 |
|
|a House of cards
|f David Fincher, Allen Coulter, James Foley, réal.
|g Beau Willimon, adapt. - Andrew Davies, Rick Cleveland, Kate Barnow, scénario - Jeff Beal, comp. - Kate Mara, Kristen Connolly, Michael Kelly, Robin Wright, Kevin Spacey, ... [et al.] act.
|
| 207 |
|
1 |
|a
|
| 215 |
|
|
|a 4 DVD vidéo monoface zone 2 (10 h 36 min)
|c 16/9, coul. (PAL), son. (Dolby digital 5.1)
|
| 300 |
|
|
|a Langues principales : anglais, français; Sous-Titres : anglais, français, arabe
|
| 327 |
|
|
|a 13 épisodes
|
| 330 |
|
|
|a Au terme de la stratégie habilement menée tout au long de la saison précédente, Frank Underwood est devenu vice-président des Etats-Unis. Mais il n'aura guère le temps de savourer sa victoire, son ex-amante Zoe Barnes ayant décidé de mener l'enquête sur la disparition du député Peter Russo qu'il a assassiné...
|
| 464 |
|
|
|a 13 épisodes
|
| 700 |
|
0 |
|a Foley
|b James
|4 370
|
| 701 |
|
0 |
|a Coulter
|b Allen
|4 370
|
| 701 |
|
0 |
|a Fincher
|b David
|4 370
|
| 702 |
|
0 |
|a Willimon
|b Beau
|4 100
|
| 702 |
|
0 |
|a Barnow
|b Kate
|4 690
|
| 702 |
|
0 |
|a Cleveland
|b Rick
|4 690
|
| 702 |
|
0 |
|a Davies
|b Andrew
|4 690
|
| 702 |
|
0 |
|a Beal
|b Jeff
|4 230
|
| 702 |
|
0 |
|a Spacey
|b Kevin
|4 5
|
| 702 |
|
0 |
|a Wright
|b Robin
|4 5
|
| 702 |
|
0 |
|a Kelly
|b Michael
|4 5
|
| 702 |
|
0 |
|a Connolly
|b Kristen
|4 5
|
| 702 |
|
0 |
|a Mara
|b Kate
|4 5
|
| 900 |
|
|
|a Série télévisée
|
| 901 |
|
|
|a Adultes
|
| 995 |
|
|
|a Médiathèque
|c Médiathèque
|f 00156008467870
|h 00156008467870
|k S HOU 2
|o p
|q a
|r gf
|e Médiathèque
|